Family welfare programme in India: (Record no. 507572)

000 -LEADER
fixed length control field 00368nam a2200109 4500
082 ## - DEWEY DECIMAL CLASSIFICATION NUMBER
Classification number O97065x54 F211/1979
100 ## - MAIN ENTRY--PERSONAL NAME
Personal name India. Ministry of Health and Family Welfare
9 (RLIN) 1977
245 ## - TITLE STATEMENT
Title Family welfare programme in India:
Remainder of title yearbook, 1979-80
Statement of responsibility, etc by Ministry of Health and Family Welfare
260 ## - PUBLICATION, DISTRIBUTION, ETC. (IMPRINT)
Place of publication, distribution, etc New Delhi
Name of publisher, distributor, etc Government of India
Date of publication, distribution, etc 1980
300 ## - PHYSICAL DESCRIPTION
Extent 200p.
942 ## - ADDED ENTRY ELEMENTS (KOHA)
Source of classification or shelving scheme
Holdings
Withdrawn status Lost status Source of classification or shelving scheme Damaged status Koha normalized classification for sorting Not for loan Permanent location Current location Date acquired Full call number Barcode Date last seen Price effective from Koha item type
        O_97065X54_F211_1979_000000000000000   Indian Institute of Public Administration Indian Institute of Public Administration 2019-02-18 O97065x54 F211/1979 GG33709 2019-02-18 2019-02-18 GG

Powered by Koha